Hobin hood (Record no. 69216)

MARC details
000 -LÍDER
campo de controle de tamanho fixo 00329 a2200157 4500
001 - NÚMERO DE CONTROLE
campo de controle 69216
020 ## - ISBN - INTERNATIONAL STANDARD BOOK NUMBER
ISBN - International Standard Book Number 8530503163
040 ## - FONTE DA CATALOGAÇÃO
Instituição que transcreveu o registro Anchieta - Itaigara
100 ## - ENTRADA PRINCIPAL--NOME PESSOAL
Nome pessoal Bandeira, Pedro
240 10 - TÍTULO UNIFORME
Título uniforme Hobin hood
Idioma da obra por
245 10 - TÍTULO
Título Hobin hood
300 ## - DESCRIÇÃO FÍSICA
Extensão 47
362 0# - DATAS DE PUBLICAÇÃO E/OU DESIGNAÇÃO SEQUENCIAL
Datas de publicação e/ou designação sequencial 2003
650 #4 - ASSUNTO--TERMO TÓPICO
Cabeçalho tópico ou nome geográfico Literatura infanto-juvenil
942 ## - ELEMENTOS DE ENTRADA ADICIONADOS (KOHA)
Tipo de material Koha Livros
Holdings
Situação do descarte Situação das perdas Situação física Não pode ser emprestado Biblioteca de origem Biblioteca atual Data de aquisição Total de empréstimos Número de chamada completo Código de barras Data de último acesso Data do preço efetivo Tipo de material Koha
        Colégio São Paulo Colégio São Paulo 21/11/2023   028.5 HOB 1316/ITA 21/11/2023 21/11/2023 Livros
        Colégio São Paulo Colégio São Paulo 21/11/2023   028.5 HOB 1317/ITA 21/11/2023 21/11/2023 Livros
        Colégio São Paulo Colégio São Paulo 21/11/2023   028.5 HOB 1318/ITA 21/11/2023 21/11/2023 Livros
        Colégio São Paulo Colégio São Paulo 21/11/2023   028.5 HOB 1319/ITA 21/11/2023 21/11/2023 Livros